000 00903nam a2200217 a 4500
008 120416s1992 ||||||||||||||||| || u
020 _a0412427508
050 _aQA 433 Bou
100 _aKendall, P. C
245 1 0 _aVector analysis and cartesian tensors. -- 3rd ed.
_cby D. E. Bourne and P. C. Kendall
250 _a3rd ed.
260 _aLondon:
_bChapman & Hall
_c1992
300 _axii, 304p.: ill.
350 _a0.00
650 0 _aMATHEMATICS--HANDBOOKS, MANUALS, ETC
650 _aCALCULUS OF TENSORS
650 _aVECTOR ANALYSIS
700 _aBourne, D. E
995 _D0.00
_FCBU-MAIN LIBRARY (Kitwe)
_H1
_I0.00
_M1
_UAVAILABLE
_WMay 16, 2006
_ZMain Library Open Access Collection
995 _D0.00
_FCBU-MAIN LIBRARY (Kitwe)
_H1
_I19.95
_M1
_UAVAILABLE
_ZMain Library Open Access Collection
999 _c78335
_d78335